| 000 | 00853nas a2200277 4500 | ||
|---|---|---|---|
| 001 | BR7602089 | ||
| 003 | BR-BrBNA | ||
| 005 | 20231205082950.0 | ||
| 007 | ta | ||
| 008 | 230509b bl.|||p| |||| 00| 00por d | ||
| 040 |
_aBR-BrBNA _bpor _cBiblioteca Nacional de Agricultura |
||
| 041 | _a(Pt) | ||
| 072 | _aH60 | ||
| 100 | 1 | _aMinami, K. | |
| 100 | 1 | _aGIACOMO, O.A.S.D. | |
| 100 | 1 | _aKatayama, M. | |
| 100 | 1 | _aDemetrio, C.G.B. | |
| 245 | 1 | _aAplicacao de alguns herbicidas na cultura da couve-flor (Brassica oleracea var. butrytis) | |
| 650 | _aErva daninha | ||
| 650 | _aCouve-flor | ||
| 650 | _aControle quimico | ||
| 650 | _aHerbicida | ||
| 773 | 0 |
_tAnais da Escola superior de AGricultura Luiz de Queiroz (Brazil) _xISSN 0071-1276 _g(1976), v. 33 p. 285-290 _wBR7602089 |
|
| 909 |
_a202311 _bLúcia _c55 _dLúcia Elande |
||
| 942 |
_2AGRIS _n0 _cANA |
||
| 999 |
_c95429 _d95429 |
||